Provinces of the Union of South Africa in 1922 on a Map - Statistics

General Stats
  • This quiz has been taken 125 times
  • The average score is 4 of 5
Answers on the Map
Answers color-coded by a green-red scale on the quiz's map according to % correct below.
 
Answer Stats
Arms Province % Correct
1280px-Coat_of_arms_of_the_Cape_Colony_1876-1994.svg.png?_=20170920175007 Cape of Good Hope
90%
1280px-Coat_of_arms_of_the_Orange_Free_State.svg.png?_=20191125164937 Orange Free State
90%
960px-Coat_of_arms_of_South_West_Africa.svg.png?_=20190721162359 South West Africa
79%
Coat_of_Arms_of_the_Transvaal_Province.png Transvaal
66%
960px-Coat_of_arms_of_Natal_1907-1997.svg.png?_=20210503100118 Natal
65%
No matching quizzes found
Score Distribution
Percent of People with Each Score
Percentile by Number Answered
Your Score History
You have not taken this quiz